| 000 | 00480nam a2200169 a 4500 | ||
|---|---|---|---|
| 005 | 20210223122454.0 | ||
| 008 | 991125s1951 mx 000 0 spa u | ||
| 035 | _aUPN01000036063 | ||
| 049 | _aCG | ||
| 050 | 4 |
_aLA2327 _bT4.4 |
|
| 100 | 1 |
_aTejera Hernández, Humberto, _d1890-1971 |
|
| 245 | 1 | 0 |
_aMaestros indoiberos / _cHumberto Tejera. |
| 260 |
_aMéxico : _bMinerva, _c[1951?]. |
||
| 300 | _a280 p. | ||
| 650 | 4 |
_aMAESTROS - _zAMERICA LATINA - _vBIOGRAFIA _9738 |
|
| 905 | _aLibro | ||
| 999 |
_c36063 _d36063 |
||